• 首页
  • 本馆介绍
  • 公告通知
  • 最新文献
  • 馆藏检索
  • 电子资源
  • 读者导购
  • 参考咨询
  • 我的图书馆
  • 登录
  • 详细信息显示
  • 放入我的书架
  • 预约/预借图书
  • 作者相关作品
  • 分类相关作品
  • 丛书相关作品
  • 出版社相关作品

书目信息

  • 表格格式
  • 工作单格式
  • 卡片格式
题名:
感受细节中的中日文化
    
 
作者: 张文生 主编
分册:  
出版信息: 北京   当代中国出版社  2016
页数: 305页
开本: 23cm
丛书名:
单 册:
中图分类: G125
科图分类:
主题词: 中日关系--Zhong Ri Guan Xi--文化交流--研究
电子资源:
ISBN: 978-7-5154-0657-2
000 00822nam0 22002291 450
001 349955
005 20161010091251.53
010    @a978-7-5154-0657-2@dCNY48.00
100    @a20160223d2016 em y0chiy50 ea
101 0  @achi
102    @aCN@b110000
105    @aa z 000yy
106    @ar
200 1  @a感受细节中的中日文化@AGan Shou Xi Jie Zhong De Zhong Ri Wen Hua@f张文生主编
210    @a北京@c当代中国出版社@d2016
215    @a305页@c照片@d23cm
330    @a本书记录了中日两国在日常生活、环保理念、社交礼仪等方面的差异,以及中日师生通过活动结下的友谊,既提供了中日民间交流的一个范本,也是中日民间交往的一个缩影。
606 0  @a中日关系@AZhong Ri Guan Xi@x文化交流@x研究
690    @aG125@v5
701  0 @a张文生@AZhang Wen Sheng@f(1964~)@4主编
801  0 @aCN@bTANGWEI@20160802
905    @b0887600-4@dG125@e169@f5
    
    感受细节中的中日文化/张文生主编.-北京:当代中国出版社,2016
    305页:照片;23cm
    
    
    ISBN 978-7-5154-0657-2:CNY48.00
    本书记录了中日两国在日常生活、环保理念、社交礼仪等方面的差异,以及中日师生通过活动结下的友谊,既提供了中日民间交流的一个范本,也是中日民间交往的一个缩影。
●
相关链接 在E读中查询图书 在五车中查询图书 在当当中查询图书 在豆瓣中查询图书


正题名:感受细节中的中日文化     索取号:G125/169         预约/预借

序号 登录号 条形码 馆藏地/架位号 状态 备注
1 0887600   208876000   第一样本阅览室/ [索取号:G125/169] 在馆    
2 0887601   208876019   第四借阅区/ [索取号:G125/169] 在馆    
3 0887602   208876028   第四借阅区/ [索取号:G125/169] 在馆    
4 0887603   208876037   第四借阅区/ [索取号:G125/169] 在馆    
5 0887604   208876046   第四借阅区/ [索取号:G125/169] 在馆    
唐山师范学院图书馆 欢迎您!
大连网信软件有限公司© 版权所有